00333nam a2200133Ia 4500008004100000041000800041082001400049100001500063245003600078250001400114260002800128300003200156365001100188240624s9999 xx 000 0 und d aeng a519.5 DAV aDAVIS GLYN aBUSINESS STATISTICS USING EXCEL a(2nd ed.) c2015aNew DelhibOxford axvii, : 486 : p. : cm. ; 26 cRSb31